| 000 | 01047cam a22002651 4500 | ||
|---|---|---|---|
| 001 | 3774 | ||
| 003 | BD-RjUL | ||
| 005 | 20211208233800.0 | ||
| 008 | 131221t1963 pk 000 0 eng | ||
| 035 | _a(BD-RjUL)3808 | ||
| 035 | _a(OCoLC)24194257 | ||
| 040 |
_aDLC _cViU _dDLC _beng |
||
| 041 | _aeng | ||
| 082 | 0 | 4 |
_216 _a332.115 _bAHL 1963 |
| 100 | 1 |
_aAhmad, Qutubuddin . _912002 |
|
| 245 | 1 | 4 |
_aThe law of foreign exchange in Pakistan : _b(Comparative British and Indian law included) / _cQutubuddin Ahmad. |
| 260 |
_aKarachi : _bPakistan Pub. House, _c1963. |
||
| 300 |
_avolumes : _billustrations ; _c25 cm. |
||
| 500 | _a"Exchange control act, 1947": v. 1, p. 153-203. | ||
| 505 | 0 | _aVol. 1 Foreign exchange regulation act, with commentary. Foreign exchange regulations -- v. 2 Proforma of forms of applications, declarations and returns. | |
| 650 | 0 |
_aForeign exchange _xLaw and legislation _zPakistan. _912003 |
|
| 942 |
_2ddc _cBK |
||
| 999 |
_c3774 _d3774 |
||